メジャーリーグのチーム名に含まれる都市 - Statistics

General Stats
  • This quiz has been taken 565 times
  • The average score is 21 of 29
Answer Stats
都市名 チーム名 % Correct
ニューヨーク ヤンキース
99%
ニューヨーク メッツ
99%
ロサンゼルス エンゼルス
98%
ロサンゼルス ドジャース
98%
シカゴ ホワイトソックス
95%
シカゴ カブス
95%
デトロイト タイガース
88%
ボストン レッドソックス
87%
シアトル マリナーズ
87%
トロント ブルージェイズ
83%
サンフランシスコ ジャイアンツ
81%
マイアミ マーリンズ
77%
ワシントン ナショナルズ
76%
ヒューストン アストロズ
71%
テキサス レンジャーズ
71%
サンディエゴ パドレス
70%
ミネソタ ツインズ
69%
コロラド ロッキーズ
69%
アトランタ ブレーブス
68%
フィラデルフィア フィリーズ
68%
ボルチモア オリオールズ
62%
タンパベイ レイズ
61%
シンシナティ レッズ
59%
セントルイス カージナルス
59%
アリゾナ ダイヤモンドバックス
56%
カンザスシティ ロイヤルズ
55%
ミルウォーキー ブルワーズ
55%
ピッツバーグ パイレーツ
48%
クリーブランド ガーディアンズ
44%
No matching quizzes found
Score Distribution
Percent of People with Each Score
Percentile by Number Answered
Your Score History
You have not taken this quiz